000 00404nam a2200109Ia 4500
008 171204s9999 xx 000 0 und d
245 _aMeasuring Up: Education Assessment Challenges And Practices For Psychology
245 _cChandra M. Mehrotra, Dana S. Dunn, and Jane S. Halonen
260 _c2015
650 _xEDUCATIONAL PSYCHOLOGY
856 _uhttp://down.ebook777.com/MeaUpEduAssChaAndPraForPsy.pdf
999 _c346429
_d346429